Normal view MARC view

Entry Personal Name

Number of records used in: 1

001 - CONTROL NUMBER

  • control field: 1236817

003 - CONTROL NUMBER IDENTIFIER

  • control field: OSt

005 - DATE AND TIME OF LATEST TRANSACTION

  • control field: 20260430150219.0

008 - FIXED-LENGTH DATA ELEMENTS

  • fixed length control field: 260430|| aca||aabn | a|a d

040 ## - CATALOGING SOURCE

  • Original cataloging agency: OSt
  • Transcribing agency: OSt

100 ## - HEADING--PERSONAL NAME

  • Personal name: Mrinalini Au.; Sahu Bhairabi Prasad Gu

670 ## - SOURCE DATA FOUND

  • Source citation: Work cat.: (OSt)1849234: Mrinalini Au.; Sahu Bhairabi Prasad Gu., Food culture and practices in ancient India (5th century BCE-5th Century CE), 2021
Copyright @ Delhi University Library System